|
|
|
|
| LEADER |
00000nam0a2200000 4500 |
| 001 |
183492 |
| 005 |
20231031171532.0 |
| 035 |
|
|
|a (RuTPU)RU\TPU\book\198905
|
| 090 |
|
|
|a 183492
|
| 100 |
|
|
|a 20100726d1967 m y0rusy50 ca
|
| 101 |
0 |
|
|a rus
|
| 102 |
|
|
|a RU
|
| 105 |
|
|
|a a z 000zy
|
| 200 |
1 |
|
|a Гравитация и инерция
|f Г. И. Покровский
|
| 210 |
|
|
|a Москва
|c Знание
|d 1967
|
| 215 |
|
|
|a 48 с.
|c черт.
|
| 225 |
1 |
|
|a Новое в жизни, науке, технике
|
| 225 |
1 |
|
|a Сер. 9: Физика. Астрономия
|
| 610 |
1 |
|
|a всемирное тяготение
|
| 610 |
1 |
|
|a инерция
|
| 610 |
1 |
|
|a гравитация
|
| 610 |
1 |
|
|a центробежная сила
|
| 610 |
1 |
|
|a сила тяжести
|
| 610 |
1 |
|
|a невесомость
|
| 675 |
|
|
|a 531.51
|v 3
|
| 700 |
|
1 |
|a Покровский
|b Г. И.
|g Георгий Иосифович
|
| 801 |
|
1 |
|a RU
|b 63413507
|c 20100726
|
| 801 |
|
2 |
|a RU
|b 63413507
|c 20140625
|g RCR
|
| 942 |
|
|
|c BK
|